01058 a2200193 4500001000700000020001800007040003200025100001700057245001900074250001300093260001900106300004000125362000900165520062100174650002600795650001200821650001800833650001300851124833 a9781561453443 cEscola Canadense de Niteroi aButler, John10aTen in the den a1st. ed. aUnited Kingdom c5 x 0.25 x 10.25 inches (Hardcover)0 a2005 aDeep in the den, ten sleepy, cuddly animals snuggle up together for the night. But as the animal friends roll over to make more room, one animal after another gently tumbles out of the cozy den…until Little Mouse is left all alone. But Little Mouse misses his friends, so he comes up with the perfect solution to his problem. John Butler’s charming version of a children’s favorite countdown to bedtime features a simple but playful text and soft, pastel-colored illustrations of bright-eyed baby animals. The result is an irresistible read-aloud story that will invite delighted responses from young children. 4aChildren's Literature 4aAnimals 4aAnimal Babies 4aCounting